Pokemony typu... #11 - Statystyki

Ogólne statystyki
  • Ten quiz został rozwiązany 40 razy
  • Średni wynik to 26 z 76
Statystyki odpowiedzi
Pokemon % Poprawnych
Alolański Golem
88%
Golem
88%
Alolański Geodude
85%
Geodude
85%
Alolański Graveler
82%
Graveler
82%
Onix
79%
Kabuto
70%
Kabutops
70%
Omanyte
61%
Omastar
61%
Rhydon
61%
Rhyhorn
61%
Mega Tyranitar
55%
Tyranitar
55%
Larvitar
52%
Aerodactyl
48%
Mega Aerodactyl
48%
Pupitar
48%
Regirock
42%
Rhyperior
42%
Armaldo
39%
Aron
39%
Cranidos
39%
Lairon
39%
Rampardos
39%
Sudowoodo
39%
Aggron
36%
Anorith
30%
Lileep
30%
Tyrantrum
30%
Amaura
27%
Bastiodon
27%
Boldore
27%
Bonsly
27%
Gigalith
27%
Lycanroc (Forma Dnia)
27%
Lycanroc (Forma Nocy)
27%
Lycanroc (Forma Zmierzchu)
27%
Magcargo
27%
Nosepass
27%
Roggenrola
27%
Shieldon
27%
Tyrunt
27%
Aurorus
24%
Cradily
24%
Probopass
24%
Rockruff
24%
Stakataka
24%
Binacle
21%
Corsola
21%
Crustle
21%
Dwebble
21%
Lunatone
21%
Rolycoly
21%
Solrock
21%
Terrakion
21%
Tirtouga
21%
Archen
18%
Archeops
18%
Barbaracle
18%
Carbink
18%
Carracosta
18%
Coalossal
18%
Gigantamax Coalossal
18%
Relicanth
18%
Diancie
12%
Mega Diancie
12%
Nihilego
12%
Carkol
9%
Drednaw
9%
Gigantamax Drednaw
9%
Minior (Forma Meteoru)
9%
Minior (Rdzeń)
9%
Shuckle
9%
Stonjourner
9%
Nie znaleziono quizów pasujących do podanych kryteriów
Rozkład punktacji
Procent ludzi z każdym wynikiem
Percentyl według liczby udzielonych odpowiedzi
Twoja historia wyników
Nie rozwiązałeś tego quizu